Statistics for Foods that Start with L

Click here to take the quiz!

General Stats

  • This quiz has been taken 69,267 times
    (26,118 since last reset)
  • The average score is 12 of 16

Answer Stats

Answer% Correct
Lemon
99%
Lobster
99%
Lollipop
97%
Lettuce
95%
Latte
91%
Lasagna
90%
Lamb Chop
88%
Liquorice
86%
Leek
74%
Linguine
71%
Lentils
70%
Lychee
70%
Lucky Charms
68%
Ladyfingers
43%
Lox
37%
Liverwurst
26%

Score Distribution

Percentile by Number Answered

Percent of People with Each Score

Your Score History

You have not taken this quiz since the last reset